Statistiques concernant Pokémon - Tous les Pokémon (Quatrième génération)

Cliquez ici pour prendre le quiz!

Statistiques générales

  • Ce quiz a été pris 33 fois
  • Le résultat moyen est 51 sur 108

Statistiques - réponses

NuméroPokémon% Correct
392Simiabraz
100%
390Ouisticram
95%
395Pingoléon
95%
394Prinplouf
95%
393Tiplouf
95%
389Torterra
95%
387Tortipouss
95%
391Chimpenfeu
90%
396Etourmi
90%
397Etourvol
90%
388Boskara
81%
483Dialga
76%
484Palkia
76%
493Arceus
71%
445Carchacrok
71%
482Créfadet
71%
481Créfollet
71%
488Cresselia
71%
487Giratina
71%
490Manaphy
71%
489Phione
71%
444Carmache
67%
480Créhelf
67%
491Darkrai
67%
399Keunotor
67%
443Griknot
62%
403Lixy
62%
404Luxio
62%
405Luxray
62%
467Maganon
62%
406Rozbouton
62%
492Shaymin
62%
400Castorno
57%
466Elekable
57%
407Roserade
57%
485Heatran
52%
408Kranidos
52%
474Porygon-Z
52%
409Charkos
48%
410Dinoclier
48%
418Mustébouée
48%
419Mustéflott
48%
417Pachirisu
48%
442Spiritomb
48%
416Apireine
43%
415Apitrini
43%
437Archéodong
43%
413Cheniselle
43%
412Cheniti
43%
454Coatox
43%
430Corboss
43%
453Cradopaud
43%
461Dimoret
43%
475Gallame
43%
449Hippopotas
43%
448Lucario
43%
462Magnézone
43%
473Mammochon
43%
402Mélokrik
43%
464Rhinastoc
43%
447Riolu
43%
422Sancoki
43%
468Togekiss
43%
423Tritosor
43%
436Archéomire
38%
411Bastiodon
38%
425Baudrive
38%
460Blizzaroi
38%
459Blizzi
38%
401Crikzik
38%
452Drascore
38%
426Grodrive
38%
450Hippodocus
38%
427Laporeille
38%
428Lockpin
38%
429Magirêve
38%
486Regigigas
38%
431Chaglam
33%
463Coudlangue
33%
471Givrali
33%
479Motisma
33%
477Noctunoir
33%
414Papilord
33%
440Ptiravi
33%
472Scorvol
33%
432Chaffreux
29%
470Phylali
29%
451Rapion
29%
455Vortente
29%
465Bouldeneu
24%
424Capidextre
24%
420Ceribou
24%
421Ceriflor
24%
439Mime Jr
24%
43 | 435Moufflair
24%
434Moufouette
24%
469Yanmega
24%
446Goinfrex
19%
476Tarinorme
19%
458Babimanta
14%
433Korillon
14%
457Luminéon
14%
438Manzaï
14%
456Ecayon
10%
441Pijako
10%
478Momartik
5%
398Etouraptor
0%

Distribution des résultats

Percentile par nombre de réponses

% des personnes avec chaque résultat

Votre développement - résultats

Vous n’avez pas pris ce quiz